Представление документа в формате MARC21

ПолеНазваниеЗначение
  Тип записи a
  Библиографический уровень m
001 Контрольный номер RU\infra-m\znanium\bibl\2198208
005 Дата корректировки 20260429142114.4
008 Кодируемые данные 260123s2025 RU g rus u
020 Индекс ISBN __
a ISBN 978-5-16-020829-9
020 Индекс ISBN __
a ISBN 978-5-16-113505-1 (электр. издание)
040 Источник каталогиз. __
a Служба первич. каталог. Общество с ограниченной ответственностью «ЗНАНИУМ»
041 Код языка издания __
a Код языка текста rus
044 Код страны публикации __
a Код страны публикации RU
080 Индекс УДК __
a Индекс УДК 811.111+528(075.8)
084 Индекс другой классификации/Индекс ББК __
2 Источник индекса rubbk
a Индекс другой классификации/Индекс ББК 81.432.1:26.11я73
084 Индекс другой классификации/Индекс ББК __
2 Источник индекса okso
a Индекс другой классификации/Индекс ББК 05.03.03
084 Индекс другой классификации/Индекс ББК __
2 Источник индекса okso
a Индекс другой классификации/Индекс ББК 05.04.03
084 Индекс другой классификации/Индекс ББК __
2 Источник индекса okso
a Индекс другой классификации/Индекс ББК 21.03.02
084 Индекс другой классификации/Индекс ББК __
2 Источник индекса okso
a Индекс другой классификации/Индекс ББК 21.03.03
084 Индекс другой классификации/Индекс ББК __
2 Источник индекса okso
a Индекс другой классификации/Индекс ББК 21.05.01
100 Автор __
a Автор Анюшенкова О.Н.
q Полное имя Анюшенкова Ольга Николаевна
u Дополнение Финансовый университет при Правительстве Российской Федерации
245 Заглавие __
a Заглавие Английский Язык для Геодезистов и Картографов. English for Geodesists and Land Surveyors
b Продолж. заглавия Учебник
c Ответственность Финансовый университет при Правительстве Российской Федерации
250 Сведения об издании __
a Основные сведения об издании 1
260 Выходные данные __
a Место издания Москва
b Издательство ООО "Научно-издательский центр ИНФРА-М"
c Дата издания 2026
300 Физическое описание __
a Объем 338 с.
440 Серия __
a Серия Высшее образование (Финансовый университет)
520 Аннотация __
a Аннотация Цель данного учебника — предоставить учащимся всестороннее понимание геодезии и картографии охватывая фундаментальные концепции исторические разработки профессиональные знания и практические приложения в контексте изучения иностранного языка. Учебник снабжает практическими навыками и знаниями необходимыми для успешной карьеры уделяя особое внимание профессиональному развитию эффективным навыкам общения методам совместной работы и планирования карьеры. Соответствует требованиям федеральных государственных образовательных стандартов высшего образования последнего поколения. Материалы предназначены как для использования на практических занятиях так и для самостоятельной работы. Предназначен как для начинающих так и для опытных специалистов в области геодезии и картографии.
521 Примеч. о цел. назн. __
a Примеч. о целев. назн. Профессиональное образование
650 Тематические рубрики __
a Основная рубрика Филологические науки
x Основная подрубрика Английский язык
655 Указ. предметных рубрик (устаревшее) __
a Жанр/ форма (устаревшее) Учебник
856 Электронный адрес документа 4_
a Имя сервера/домена znanium.ru
m Помощь ebs_support@infra-m.ru
n Местонахождение сервера НИЦ ИНФРА-М
u URL https://znanium.ru/catalog/document?id=465457
856 Электронный адрес документа 48
a Имя сервера/домена znanium.ru
d Путь /cover/2198
f Электронное имя 2198208.jpg
q Тип электронного формата image/jpeg
u URL https://znanium.ru/cover/2198/2198208.jpg
911 __
u 0030=https://znanium.ru/catalog/document?id=465457